000 02131nam a2200397 a 4500
001 ebr10728368
003 CaPaEBR
006 m o u
007 cr cn|||||||||
008 130409s2013 njua sb 001 0 eng d
010 _z 2013002849
020 _z9781118329504 (hardback)
020 _z9781118514948
020 _z9781118514900
020 _z9781118593042 (e-book)
040 _aCaPaEBR
_cCaPaEBR
035 _a(OCoLC)840927815
050 1 4 _aQA278.2
_b.H63 2013eb
082 0 4 _a519.5/36
_223
100 1 _aHocking, R. R.
_q(Ronald R.),
_d1932-
245 1 0 _aMethods and applications of linear models
_h[electronic resource] :
_bregression and the analysis of variance /
_cRonald R. Hocking.
250 _a3rd ed.
260 _aHoboken, N.J. :
_bWiley,
_cc2013.
300 _axxiii, 681 p. :
_bill.
440 0 _aWiley series in probability and statistics
504 _aIncludes bibliographical references and index.
505 0 _apt. 1. Regression -- pt. 2. The analysis of variance.
520 _a"The new edition of this "essential desktop reference book. [that] should definitely be on your bookshelf" (Technometrics) features a newly reorganized approach to linear regression that promotes the understanding of theory and models concurrently, featuring newly-developed topics in the field and the use of software applications. It includes numerous exercises; graphics and computations developed using JMP software; a new chapter on recent developments with the distribution of linear and quadratic forms; and new topical coverage of least squares, the cell means model, and more"--
_cProvided by publisher.
533 _aElectronic reproduction.
_bPalo Alto, Calif. :
_cebrary,
_d2013.
_nAvailable via World Wide Web.
_nAccess may be limited to ebrary affiliated libraries.
650 0 _aRegression analysis.
650 0 _aAnalysis of variance.
650 0 _aLinear models (Statistics)
655 7 _aElectronic books.
_2local
710 2 _aebrary, Inc.
856 4 0 _uhttp://site.ebrary.com/lib/rucke/Doc?id=10728368
_zAn electronic book accessible through the World Wide Web; click to view
999 _c152089
_d152089